Historia - wiedza ogólna #12 - Statystyki

Ogólne statystyki
  • Ten quiz został rozwiązany 126 razy
    32 od ostatniego zresetowania
  • Średni wynik to 10 z 20
Statystyki odpowiedzi
Pytanie Odpowiedź % Poprawnych
Które starożytne królestwo czciło Ozyrysa, Amona i Izydę? Egipt
96%
Który obcisły element garderoby nosiły kobiety w XIX w., aby podkreślić wcięcie w talii i zaokrąglić biodra? Gorset
88%
Który drogi materiał tekstylny nie był wytwarzany poza Chinami aż do około 300 roku n.e? Jedwab
85%
Który kompozytor był głuchy, kiedy pisał swoją 9. i ostatnią symfonię? Ludwig van Beethoven
85%
Jak nazywa się sieć linii kolejowych, łączących Moskwę z Władywostokiem, wybudowana w latach 1891-1916? Kolej Trans{syberyjska}
77%
Który gatunek ptaka, żyjący głównie na Mauritiusie, wyginął w XVII wieku? Dodo
62%
Które państwo było kontrolowane przez Hiszpanię, Stany Zjednoczone i Japonię przed uzyskaniem niepodległości? Filipiny
54%
Jak nazywa się państwo, w którym znajdują się pozostałości starożytnego miasta Petra, wykutego w czerwonych skałach przez Nabatejczyków? Jordania
54%
Która bitwa morska jest uważana za punkt zwrotny w działaniach wojennych na Pacyfiku podczas II wojny światowej? Bitwa pod {Midway}
50%
Jak nazywała się jedyna córka Henryka VIII i Anny Boleyn? Elżbieta I Tudor
50%
Która wyspa, obecnie należąca do Tanzanii, była niegdyś centrum arabskiego handlu niewolników? Zanzibar
50%
Który pomnik został wzniesiony przez cesarza Mogołów, Szahdżahana, aby pomieścić grób jego ulubionej żony? Tadź Mahal
46%
Które grupa etniczna była sprawcą ludobójstwa Tutsi w Rwandzie w 1994 r? Hutu
42%
Które ze zwierząt udomowionych w Ameryce Południowej po raz pierwszy jest największe? Lama
42%
Dokończ tytuł poematu epickiego Adama Mickiewicza z 1834 r. Pan Tadeusz, {czyli ostatni zajazd na Litwie}
42%
Jak nazywa się miasto, którego świątynia została zniszczona przez Rzymian w 70 r. n.e? Jerozolima
31%
Co projektował Wernher von Braun podczas II wojny światowej? Rakiety
31%
Jak nazywa się doktryna polityczna i ruch społeczny, który był popierany przez morderców m.in. 25. prezydenta USA, Williama McKinleya i króla Włoch Humberta I? Anarchizm
23%
Który dyktator Kuby został obalony w wyniku rewolucji kubańskiej? Fulgencio Batista
19%
Kto podpisał Proklamację Emancypacji w 1863 r? Abraham Lincoln
15%
Nie znaleziono quizów pasujących do podanych kryteriów
Rozkład punktacji
Procent ludzi z każdym wynikiem
Percentyl według liczby udzielonych odpowiedzi
Twoja historia wyników
Nie rozwiązałeś tego quizu od ostatniego zresetowania